|
|
|
|
| LEADER |
01694nam a2200433 a 4500 |
| 001 |
EBC557564 |
| 003 |
MiAaPQ |
| 005 |
20200520144314.0 |
| 006 |
m o d | |
| 007 |
cr cn||||||||| |
| 008 |
000906s2001 iluab sb 001 0 eng d |
| 010 |
|
|
|z 00046716
|
| 020 |
|
|
|z 0226257193 (cloth : alk. paper)
|
| 020 |
|
|
|z 0226257207 (pbk. : alk. paper)
|
| 020 |
|
|
|z 9780226257204
|
| 020 |
|
|
|a 9780226257181 (electronic bk.)
|
| 035 |
|
|
|a (MiAaPQ)EBC557564
|
| 035 |
|
|
|a (Au-PeEL)EBL557564
|
| 035 |
|
|
|a (CaPaEBR)ebr10402616
|
| 035 |
|
|
|a (CaONFJC)MIL267903
|
| 035 |
|
|
|a (OCoLC)648760697
|
| 040 |
|
|
|a MiAaPQ
|c MiAaPQ
|d MiAaPQ
|
| 043 |
|
|
|a a-ii---
|
| 050 |
|
4 |
|a HV553
|b .F65 2001
|
| 082 |
0 |
4 |
|a 363.7/058/0954
|2 21
|
| 100 |
1 |
|
|a Fortun, Kim.
|
| 245 |
1 |
0 |
|a Advocacy after Bhopal
|h [electronic resource] :
|b environmentalism, disaster, new global orders /
|c Kim Fortun.
|
| 260 |
|
|
|a Chicago :
|b University of Chicago Press,
|c c2001.
|
| 300 |
|
|
|a xxi, 413 p. :
|b ill., maps.
|
| 504 |
|
|
|a Includes bibliographical references (p. [385]-401) and index.
|
| 533 |
|
|
|a Electronic reproduction. Ann Arbor, MI : ProQuest, 2015. Available via World Wide Web. Access may be limited to ProQuest affiliated libraries.
|
| 650 |
|
0 |
|a Disaster victims
|x Services for.
|
| 650 |
|
0 |
|a Environmental policy
|x Citizen participation.
|
| 650 |
|
0 |
|a Social responsibility of business
|x Environmental aspects.
|
| 650 |
|
0 |
|a Bhopal Union Carbide Plant Disaster, Bhopal, India, 1984.
|
| 650 |
|
0 |
|a Disaster relief
|z India
|v Case studies.
|
| 655 |
|
4 |
|a Electronic books.
|
| 710 |
2 |
|
|a ProQuest (Firm)
|
| 856 |
4 |
0 |
|u https://ebookcentral.proquest.com/lib/matrademy/detail.action?docID=557564
|z Click to View
|